| 000 | 01247nam2a22002411 4500 | ||
|---|---|---|---|
| 001 | RU\NLR\INFOCOMM20\5000024867 | ||
| 005 | 20250617023658.0 | ||
| 035 | _a(NLR Aleph) 002384116 | ||
| 090 |
_a4610415 _c4610415 |
||
| 100 | _a20050113d1974 |||y0rusy50 ca | ||
| 101 | 0 | _arus | |
| 102 | _aRU | ||
| 105 | _ay ||||000|y | ||
| 200 | 1 | _aПроизводительность труда, учет и статистика в сельском хозяйстве | |
| 210 |
_d1974 _aБ. м. |
||
| 461 | 0 |
_1001RU\NLR\INFOCOMM20\5000024738 _12001#$aТруд и управление в сельском хозяйстве$eНауч. труды$fМ-во с. х. РСФСР. Всерос. науч.-исслед. ин-т труда и управления в сельск. хоз-ве. ВНИИСХТ$vВып.44 _94610392 _cМ. _d1968-1978 _fМ-во с. х. РСФСР. Всерос. науч.-исслед. ин-т труда и управления в сельск. хоз-ве. ВНИИСХТ _oНауч. труды _tТруд и управление в сельском хозяйстве _vВып.44 |
|
| 801 | 1 |
_aRU _bInfoComm _c20050113 |
|
| 801 | 0 |
_aRU _bNLR _gPSBO |
|
| 852 |
_aNLR _jП51/310 |
||
| 942 | _cISSUE | ||
| 980 | _aNB | ||
| 980 | _aRUSPER | ||